Knochen der Handwurzel Quiz - Statistiken

Allgemein
  • Dieses Quiz wurde 170 mal gespielt
  • Das Durchschnittsergebnis liegt bei 8 aus 16
Antwortstatistiken
Hint Name % Korrekt
Deutsch Mondbein
80%
Deutsch Erbsenbein
74%
Deutsch Kahnbein
74%
Latein Os lunatum
54%
Latein Os pisiforme
52%
Deutsch Kopfbein
51%
Deutsch Dreiecksbein
49%
Deutsch Hakenbein
48%
Latein Os trapezium
48%
Latein Os hamatum
45%
Latein Os capitatum
39%
Latein Os scaphoideum
39%
Latein Os trapezoideum
36%
Latein Os triquetrum
33%
Deutsch großes Vielecksbein
23%
Deutsch kleines Vielecksbein
23%
Keine übereinstimmenden Quizze gefunden
Verteilung der Resultate
Anzahl Personen mit jedem Resultat
Perzentil nach korrekt beantworteten Fragen
Ihre Resultats-Entwicklung
Sie haben dieses Quiz noch nicht gespielt